Banderas de Países #1 - Estadísticas

Estadísticas generales
  • Esta prueba ha sido intentada 61 veces
  • La puntuación promedio es 15 de 16
Estadísticas de respuestas
Imagen Respuesta % Correcto
Estados Unidos
100%
Reino Unido
100%
Finlandia
98%
Líbano
98%
Argelia
96%
Israel
96%
Rumania
95%
San Marino
95%
Senegal
95%
Hungría
93%
Siria
93%
Lituania
91%
Pakistan
91%
Liechtenstein
86%
Trinidad y Tobago
86%
Tonga
46%
No se encontraron pruebas coincidentes
Distribución de puntuación
Porcentaje de gente con cada puntuación
Porcentaje por número respondido
Historial de tus puntuaciones
No has intentado esta prueba.